书目信息 |
| 题名: |
跨文化交际与英语教学的融合研究
|
|
| 作者: | 郭晶晶 著 | |
| 分册: | ||
| 出版信息: | 北京 北京工业大学出版社 2019.08 |
|
| 页数: | 207页 | |
| 开本: | 24cm | |
| 丛书名: | ||
| 单 册: | ||
| 中图分类: | G115 , H319.3 | |
| 科图分类: | ||
| 主题词: | 文化交流--wen hua jiao liu--研究 , 英语--ying yu--教学研究--高等学校 | |
| 电子资源: | ||
| ISBN: | 978-7-5639-6854-1 | |
| 000 | 00953nam0 2200265 450 | |
| 001 | CAL 0120202965792 | |
| 005 | 20230217093111.0 | |
| 010 | @a978-7-5639-6854-1@dCNY58.00 | |
| 100 | @a20200415d2019 em y0chiy0120 ea | |
| 101 | 0 | @achi |
| 102 | @aCN@b110000 | |
| 105 | @ay a 000yy | |
| 106 | @ar | |
| 200 | 1 | @a跨文化交际与英语教学的融合研究@Akua wen hua jiao ji yu ying yu jiao xue de rong he yan jiu@f郭晶晶著 |
| 210 | @a北京@c北京工业大学出版社@d2019.08 | |
| 215 | @a207页@d24cm | |
| 320 | @a有书目 (第207页) | |
| 330 | @a本书属于跨文化交际学与英语教学两方面综合研究的著作, 全书以跨文化交际为研究研究背景, 分析英语教学的改革与创新, 并提列举了大量的教学实例, 提高了本书的实用性与应用性。 | |
| 606 | 0 | @a文化交流@Awen hua jiao liu@x研究 |
| 606 | 0 | @a英语@Aying yu@x教学研究@x高等学校 |
| 690 | @aG115@v5 | |
| 690 | @aH319.3@v5 | |
| 701 | 0 | @a郭晶晶@Aguo jing jing@4著 |
| 801 | 0 | @aCN@bBJXHZP@c20230228 |
| 905 | @b1397622-5@dG115@e92@f4 | |
| 跨文化交际与英语教学的融合研究/郭晶晶著.-北京:北京工业大学出版社,2019.08 |
| 207页;24cm |
| ISBN 978-7-5639-6854-1:CNY58.00 |
| 本书属于跨文化交际学与英语教学两方面综合研究的著作, 全书以跨文化交际为研究研究背景, 分析英语教学的改革与创新, 并提列举了大量的教学实例, 提高了本书的实用性与应用性。 |
| ● |
| 相关链接 |
|
|
|
|
正题名:跨文化交际与英语教学的融合研究
索取号:G115/92
 
预约/预借
| 序号 | 登录号 | 条形码 | 馆藏地/架位号 | 状态 | 备注 |
| 1 | 1397622 | 213976223 | 第一样本阅览室/ [索取号:G115/92] | 在馆 | |
| 2 | 1397623 | 213976232 | 第四借阅区/ [索取号:G115/92] | 在馆 | |
| 3 | 1397624 | 213976241 | 第四借阅区/ [索取号:G115/92] | 在馆 | |
| 4 | 1397625 | 213976250 | 第四借阅区/ [索取号:G115/92] | 在馆 |